ITU Statistical Yearbook : (Rekord nr 760)
| 000 -LEADER | |
|---|---|
| fixed length control field | 00325 a2200097 4500 |
| 020 ## - INTERNATIONAL STANDARD BOOK NUMBER | |
| International Standard Book Number | 9271200616 |
| 245 0# - TITLE STATEMENT | |
| Title | ITU Statistical Yearbook : |
| Remainder of title | Chronogical Series 1986-1993 / |
| Statement of responsibility, etc | . |
| Number of part/section of a work | 1 t. |
| 260 ## - PUBLICATION, DISTRIBUTION, ETC. (IMPRINT) | |
| Place of publication, distribution, etc | Geneva : |
| Name of publisher, distributor, etc | ITU, |
| Date of publication, distribution, etc | 1995. |
| 300 ## - PHYSICAL DESCRIPTION | |
| Extent | Vf, Ve, Vs, 295 s.; |
| Dimensions | 30 cm. |
| 710 2# - ADDED ENTRY--CORPORATE NAME | |
| Corporate name or jurisdiction name as entry element | International Telecommunication Union. |
| Relator term | Wydawca |
| Relator code | pbl |
| 920 ## - | |
| -- | 92-71-20061-6 |
Brak dostępnych egzemplarzy.